Countries With the Highest Percentage of Vowels - Statistics

General Stats
  • This quiz has been taken 14,494 times
    14,320 since last reset
  • The average score is 8 of 17
Answer Stats
% Country % Correct
60 Nauru
63%
60 Palau
62%
60 India
61%
71 Uruguay
59%
60 Samoa
58%
67 Guinea
56%
63 Paraguay
55%
67 Guyana
50%
60 Italy
44%
60 Haiti
43%
64 Saudi Arabia
40%
63 Ethiopia
38%
60 Mauritania
38%
60 Libya
36%
63 Malaysia
31%
63 Equatorial Guinea
30%
60 Syria
30%
No matching quizzes found
Score Distribution
Percent of People with Each Score
Percentile by Number Answered
Your Score History
You have not taken this quiz since the last reset